Viajando por los planetas, Unidad Didáctica, orientaciones para el educador y la educadora (Record no. 8564)

MARC details
000 -LEADER
campo de control de longitud fija 00423nam a2200133Ia 4500
001 - NÚMERO DE CONTROL
campo de control 827
008 - DATOS DE LONGITUD FIJA--INFORMACIÓN GENERAL
campo de control de longitud fija 241024s9999 xx 000 0 und d
082 ## - NÚMERO DE LA CLASIFICACIÓN DECIMAL DEWEY
Número de clasificación RD/372/R426v.
100 ## - ENTRADA PRINCIPAL--NOMBRE DE PERSONA
Nombre de persona República Dominicana.Secretaría de Estado de Educación
245 #0 - MENCIÓN DEL TÍTULO
Título Viajando por los planetas, Unidad Didáctica, orientaciones para el educador y la educadora
260 ## - PUBLICACIÓN, DISTRIBUCIÓN, ETC.
Nombre del editor, distribuidor, etc. Impretur
Fecha de publicación, distribución, etc. 2005
901 ## - ELEMENTOS DE DATOS A LOCAL LDA (RLIN)
a 3/12/2010 2:24:16 p.m.

No items available.

© 2024. Todos los Derechos Reservados. Desarrollado por IDEICE